| 000 | 00704nam a2200193 a 4500 | ||
|---|---|---|---|
| 001 | 000037289 | ||
| 005 | 20200930080252.0 | ||
| 008 | 120321s1985 sp 000 0 spa d | ||
| 020 | _a8400059395 | ||
| 040 |
_aDO-SdBNP _bspa _cBNPHU |
||
| 245 | 0 | 0 |
_aA xxxi epitome de anima / _cedidet Salvator Gómez Nogalez. |
| 246 | 1 | 3 | _aA veintiuno epitome de anima |
| 260 |
_aMadrid : _bCSIC, _c1985. |
||
| 300 |
_a[260] p. ; _c25 cm. |
||
| 490 | 1 |
_aCorpus commentariorum Averrois in Aristolem _aArabica |
|
| 500 | _aIncluye referencias bibliográficas y notas al pie de las páginas | ||
| 700 | 1 |
_aGómez Nogalez, Salvator _eed. _963725 |
|
| 710 | 2 |
_aConsejo Superior de Investigaciones Sientíficas (España) _963726 |
|
| 999 |
_c36779 _d36779 |
||